|
|
|
|
| LEADER |
05490nam a22005895i 4500 |
| 001 |
978-3-642-05290-3 |
| 003 |
DE-He213 |
| 005 |
20151204190457.0 |
| 007 |
cr nn 008mamaa |
| 008 |
100301s2009 gw | s |||| 0|eng d |
| 020 |
|
|
|a 9783642052903
|9 978-3-642-05290-3
|
| 024 |
7 |
|
|a 10.1007/978-3-642-05290-3
|2 doi
|
| 040 |
|
|
|d GrThAP
|
| 050 |
|
4 |
|a QA76.9.D343
|
| 072 |
|
7 |
|a UNF
|2 bicssc
|
| 072 |
|
7 |
|a UYQE
|2 bicssc
|
| 072 |
|
7 |
|a COM021030
|2 bisacsh
|
| 082 |
0 |
4 |
|a 006.312
|2 23
|
| 245 |
1 |
0 |
|a On the Move to Meaningful Internet Systems: OTM 2009 Workshops
|h [electronic resource] :
|b Confederated International Workshops and Posters, ADI, CAMS, EI2N, ISDE, IWSSA, MONET, OnToContent, ODIS, ORM, OTM Academy, SWWS, SEMELS, Beyond SAWSDL, and COMBEK 2009, Vilamoura, Portugal, November 1-6, 2009. Proceedings /
|c edited by Robert Meersman, Pilar Herrero, Tharam Dillon.
|
| 264 |
|
1 |
|a Berlin, Heidelberg :
|b Springer Berlin Heidelberg,
|c 2009.
|
| 300 |
|
|
|a XXXIII, 949 p.
|b online resource.
|
| 336 |
|
|
|a text
|b txt
|2 rdacontent
|
| 337 |
|
|
|a computer
|b c
|2 rdamedia
|
| 338 |
|
|
|a online resource
|b cr
|2 rdacarrier
|
| 347 |
|
|
|a text file
|b PDF
|2 rda
|
| 490 |
1 |
|
|a Lecture Notes in Computer Science,
|x 0302-9743 ;
|v 5872
|
| 505 |
0 |
|
|a Posters of the 2009 DOA (Distributed Objects, Middleware, and Applications) International Symposium -- Posters of the 2009 IS (Information Security) International Symposium -- Posters of the 2009 ODBASE (Ontologies, DataBases, and Applications of Semantics) International Conference -- Workshop on Ambient Data Integration (ADI) -- Invited Talk -- Modeling and Management of Data -- Data Integration Solution -- Workshop on Context Aware Mobile Systems (CAMS) -- Models and Frameworks -- Context at Work -- Novel Contextual Technologies -- Workshop on Enterprise Integration, Interoperability and Networking (IFAC-IFIP EI2N) -- Invited Talk -- Enterprise Architecture and Networking -- Enterprise Integration and Interoperability -- Workshop on Information System in Distributed Environment (ISDE) -- Tools and Task Allocation in Distributed Information System Development -- Requirement Validation in Distributed Information System Development -- Process Management in Distributed Information System Development -- Workshop on System/Software Architectures (IWSSA) -- Non-functional Requirements -- Model-Driven Approaches -- Evaluation, Verification and Validation -- Design -- Workshop on Mobile and Networking Technologies for Social Applications (MONET) -- Social Networking -- Business Applications -- Mobile Applications and Services -- Workshop on Ontology Content (OnToContent) -- Ontology Design -- Business Model Ontologies -- Ontology Evaluation and Management -- Ontologies in Distributed and Interactive Systems (ODIS) -- Workshop on Fact-Oriented Modeling (ORM) -- Business Service and Process Modeling -- Language and Tool Extensions -- Industrial Case Studies -- Workshop on OTM Academy -- Workshop on Semantic Web and Web Semantics (SWWS) -- Semantic Extensions to Middleware: Enabling Large Scale Knowledge Applications (SEMELS) -- The Next Steps After SAWSDL (Beyond SAWSDL) -- Community-Based Evolution of Knowledge-Intensive Systems (COMBEK).
|
| 520 |
|
|
|a This volume constitutes the refereed proceedings of 14 international workshops held as part of OTM 2009 in Vilamoura, Portugal, in November 2009. The 93 revised full papers presented together with 2 invited talks were carefully reviewed and selected from a total of 131 submissions to the workshops. The volume starts with 7 additional revised poster papers of the OTM 2009 main conferences DOA, IS, and ODBASE. Topics of the workshop papers are ambient data integration (ADI 2009), context-aware mobile systems (CAMS 2009), enterprise integration, interoperability and networking (EI2N 2008), information system in distributed environments (ISDE 2009), system/software architectures (IWSSA 2009), mobile and networking technologies for social applications (MONET 2009), ontology content (OnToContent 2009), ontologies in distributed and interactive systems (ODIS 2009), fact-oriented modeling (ORM 2009), OTM Academy (OTMA 2009), semantic Web and Web semantics (SWWS 2009), semantic extensions to middleware: enabling large scale knowledge (SEMELS 2009), the next steps after SAWSDL (Beyond SAWSDL 2009), and community-based evolution of knowledge-intensive systems (COMBEK 2009). .
|
| 650 |
|
0 |
|a Computer science.
|
| 650 |
|
0 |
|a Database management.
|
| 650 |
|
0 |
|a Data mining.
|
| 650 |
|
0 |
|a Information storage and retrieval.
|
| 650 |
|
0 |
|a User interfaces (Computer systems).
|
| 650 |
|
0 |
|a Artificial intelligence.
|
| 650 |
1 |
4 |
|a Computer Science.
|
| 650 |
2 |
4 |
|a Data Mining and Knowledge Discovery.
|
| 650 |
2 |
4 |
|a Information Storage and Retrieval.
|
| 650 |
2 |
4 |
|a User Interfaces and Human Computer Interaction.
|
| 650 |
2 |
4 |
|a Database Management.
|
| 650 |
2 |
4 |
|a Information Systems Applications (incl. Internet).
|
| 650 |
2 |
4 |
|a Artificial Intelligence (incl. Robotics).
|
| 700 |
1 |
|
|a Meersman, Robert.
|e editor.
|
| 700 |
1 |
|
|a Herrero, Pilar.
|e editor.
|
| 700 |
1 |
|
|a Dillon, Tharam.
|e editor.
|
| 710 |
2 |
|
|a SpringerLink (Online service)
|
| 773 |
0 |
|
|t Springer eBooks
|
| 776 |
0 |
8 |
|i Printed edition:
|z 9783642052897
|
| 830 |
|
0 |
|a Lecture Notes in Computer Science,
|x 0302-9743 ;
|v 5872
|
| 856 |
4 |
0 |
|u http://dx.doi.org/10.1007/978-3-642-05290-3
|z Full Text via HEAL-Link
|
| 912 |
|
|
|a ZDB-2-SCS
|
| 912 |
|
|
|a ZDB-2-LNC
|
| 950 |
|
|
|a Computer Science (Springer-11645)
|